000 00605nam a2200229Ia 4500
005 20260320201829.0
008 008 262003s9999 xx 000 0 eng d
037 _aEBOOK
040 _aCRL
040 _beng
040 _cCRL
041 _2eng
041 _aeng
084 _qCRL
100 _aKandarpa
_91136059
245 0 _aData Wrangling with SQL: A hands-on guide to manipulating, wrangling, and engineering data using SQL
260 _bIEEE
856 _uhttps://ieeexplore.ieee.org/servlet/opac?bknumber=10251253
942 _cEBOOK
999 _c1723773
_d1723773